000 00571cam a2200181 i 4500
005 20250901165323.0
008 770422s1977 nyu b 001 0 eng
010 _a 77150171
020 _c$14.95
050 0 0 _aHG6046 .H53 1977
_b.H53 1977
082 0 0 _a332.6/328
100 1 _aHieronymus, Thomas Applegate,
_d1919-
245 1 0 _aEconomics of futures trading for commercial and personal profit /
_cby Thomas A. Hieronymus.
250 _a2d ed.
260 _aNew York :
_bCommodity Research Bureau,
_c1977.
300 _axvi, 368 p. :
_bgraphs ;
_c26 cm.
942 _2ddc
999 _c2096
_d2096